000 02066nam a22002897a 4500
003 NALT
005 20240724233230.0
008 s2547 th tha d
020 _a9749225215
040 _aNALT
041 _atha
050 _aTN274
_bค123ร 2547
100 0 _aคณะอนุกรรมการเพื่อศึกษาและตรวจสอบกรณีปัญหาเหมืองแร่
245 1 0 _aรายงานการศึกษาข้อมูลเชิงวิชาการกรณีปัญหาเหมืองแร่เพื่อกำหนดข้อเสนอเชิงนโยบาย /
_cคณะอนุกรรมการเพื่อศึกษาและตรวจสอบกรณีปัญหาเหมืองแร่.
260 _aกรุงเทพฯ :
_bสำนักงานคณะกรรมการสิทธิมนุษยชนแห่งชาติ,
_c2547
300 _a204 หน้า :
_bภาพประกอบ, ตาราง, แผนภูมิ, แผนที่ ;
_c29.5 ซม.
610 _aคณะกรรมการสิทธิมนุษยชนแห่งชาติ
650 0 4 _aแร่ -- วิจัย
650 0 4 _aแหล่งแร่ -- วิจัย
650 0 4 _aเหมืองแร่ -- นโยบายของรัฐ -- วิจัย
650 0 4 _aเหมืองแร่ -- นโยบายของรัฐ -- วิจัยแหล่งแร่ -- วิจัยแร่ -- วิจัย
700 0 _aคณะอนุกรรมการเพื่อศึกษาและตรวจสอบกรณีปัญหาเหมืองแร่
710 1 _aสำนักงานคณะกรรมการสิทธิมนุษยชนแห่งชาติ
850 _aNALT
942 _cRSH
_2lcc
999 _c44752
_d44752
998 _j111
_k นางสาวพจพิณ พรมเอี่ยม